Comentarios de la guerra de las Galias (Registro nro. 105)

Detalles MARC
000 -CABECERA
Longitud fija campo de control 00640nam a22002291i 4500
001 - NÚMERO DE CONTROL
Número de control bimo0000138141
003 - IDENTIFICADOR DELl NÚMERO DE CONTROL
Identificador del número de control OSt
005 - FECHA Y HORA DE LA ÚLTIMA TRANSACCIÓN
Fecha y hora de la última transacción 20140826213006.0
008 - CÓDIGOS DE INFORMACIÓN DE LONGITUD FIJA
Códigos de información de longitud fija 900514s1980 sp spa
020 ## - NÚMERO INTERNACIONAL NORMALIZADO PARA LIBROS
Número Internacional Normalizado para Libros (ISBN) 84-239-0121-1
035 ## - NÚMERO DE CONTROL DEL SISTEMA
Número de control del sistema (OCoLC)434614038
040 ## - FUENTE DE LA CATALOGACIÓN
Centro catalogador de origen IBH
Centro transcriptor BMC
082 ## - NÚMERO DE LA CLASIFICACIÓN DECIMAL DEWEY
Númeroo de clasificación 860
100 10 - PUNTO DE ACCESO PRINCIPAL-NOMBRE DE PERSONA
9 (RLIN) 107
Nombre de persona César, Cayo Julio
245 10 - MENCIÓN DE TÍTULO
Título Comentarios de la guerra de las Galias
Mención de responsabilidad, etc. C. Julio César ; [traducción del latín por José Goya y Muniain]
250 ## - MENCIÓN DE EDICIÓN
Mención de edición 9ª ed
260 0# - PUBLICACIÓN, DISTRIBUCIÓN, ETC. (PIE DE IMPRENTA)
Lugar de publicación, distribución, etc. Madrid
Nombre del editor, distribuidor, etc. Espasa-Calpe
Fecha de publicación, distribución, etc. 1976
300 ## - DESCRIPCIÓN FÍSICA
Extensión 248 p.
Dimensiones 18 cm
490 ## - MENCIÓN DE SERIE
Mención de serie Austral
Designación de volumen o secuencia 121
700 ## - PUNTO DE ACCESO ADICIONAL - NOMBRE DE PERSONA
9 (RLIN) 249
Nombre de persona Goya y Muniain, José
942 ## - ENTRADA DE ELEMENTOS AGREGADOS (KOHA)
Fuente de clasificaión o esquema Dewey Decimal Classification
Koha [por defecto] tipo de item 1- Monografias
Existencias
Suprimido Perdido Fuente de clasificación o esquema Estropeado Restricciones de uso No para préstamo Código de colección Localización permanente Localización actual Localización en estanter&íacute;as Fecha adquisición Fuente de adquisición Número de inventario Préstamos totales Signatura completa Código de barras Fecha última consulta Coste, precio reemplazado Fecha del precio de reemplazo Tipo de item de Koha
NULL NULL Dewey Decimal Classification NULL Prestable NULL NULL Biblioteca Miguel de Cervantes - UNICAES Biblioteca Miguel de Cervantes - UNICAES Sala Principal 10/04/2013 Donación - Marco Rene Revelo 000098   N CES com 1000098 10/04/2013 3.87 10/04/2013 1- Monografias